00848nam a22001697a 4500003000900000008004100009040007100050082001800121100002900139245012800168260004300296300002800339505020700367650003600574650003600610650003200646AR-CdUCM190319b ||||| |||| 00| 0 spa d aMUNICIPALIDAD PROVINCIAL DEL CUSCOcBIBLIOTECA MUNICIPAL DEL CUSCO a025.42 /bM43 aMerrill, William Stetson aCódigo para clasificadores :bnormas para la ordenación de libros según los principales sistemas de clasificación / aBuenos Aires :bEdit. Kapelusz,c1958. a209 páginas ;c24 cm. aContenido: Principios generales -- Instrucciones para todo tipo de material -- Tipos especiales de material bibliográfico -- Divisiones de forma -- Libro destinados a un tipo determinado de lector ... aClasificación bibliográfica aManuales, ensayos, conferencias aSistemas de clasificación